Introducción al existencialismo
Para esta introducción el autor plantea analizar el existencialismo como una corriente filosófica con dos vertientes opuestas: por un lado un existencialismo positivo y por otro uno negativo. En el primero se instaura la posición del autor, contraponiéndose al existencialismo negativo de predominanc...
Salvato in:
| Autore principale: | |
|---|---|
| Natura: | Libro |
| Lingua: | Undetermined |
| Pubblicazione: |
México, Distrito Federal
Fondo de Cultura Económica
1993
|
| Soggetti: | |
| Tags: |
Aggiungi Tag
Nessun Tag, puoi essere il primo ad aggiungerne!!
|
MARC
| LEADER | 00000nam a2200000Ia 4500 | ||
|---|---|---|---|
| 008 | 170316s9999 xx 000 0 und d | ||
| 040 | |a cru BVZT | ||
| 090 | |a 100 A-1i | ||
| 100 | |a Abbagnano, Nicola |9 809 | ||
| 245 | |a Introducción al existencialismo | ||
| 260 | |a México, Distrito Federal | ||
| 260 | |b Fondo de Cultura Económica | ||
| 260 | |c 1993 | ||
| 300 | |a 180 páginas | ||
| 520 | |a Para esta introducción el autor plantea analizar el existencialismo como una corriente filosófica con dos vertientes opuestas: por un lado un existencialismo positivo y por otro uno negativo. En el primero se instaura la posición del autor, contraponiéndose al existencialismo negativo de predominancia francesa. Entonces, bajo estos dos horizontes visuales se van explicando los problemas fundamentales de la filosofía existencial, entre los que encontramos: la filosofía como existencia en la primera sección, siguiendo la existencia como substancia, como problema, como libertad, como historia, en relación con la naturaleza y con el arte, cada calificación y relación con una sección específica | ||
| 650 | |a FILOSOFÍA |9 5 | ||
| 650 | |a EXISTENCIALISMO |9 633 | ||
| 999 | |c 15490 |d 15490 | ||
| 942 | |c 15 D |h 100 A-1i |2 z | ||
